000
00219nam a22001217a 4500
040
_c
HS
082
_a
111
100
_a
NA
245
_a
English for agriculture
260
_a
RUA
_b
NA
_c
NA
300
_a
NA
942
_c
KB
999
_c
10269
_d
10269